<?xml version="1.0" encoding="UTF-8"?>
<record
    xmlns:xsi="http://www.w3.org/2001/XMLSchema-instance"
    xsi:schemaLocation="http://www.loc.gov/MARC21/slim http://www.loc.gov/standards/marcxml/schema/MARC21slim.xsd"
    xmlns="http://www.loc.gov/MARC21/slim">

  <leader>01708nam a22002894aa4500</leader>
  <controlfield tag="003">BOFEUTO</controlfield>
  <controlfield tag="005">20260626154219.0</controlfield>
  <controlfield tag="008">260611t2025    bo     gr     000 f spa d</controlfield>
  <datafield tag="040" ind1=" " ind2=" ">
    <subfield code="6">BOFEUTO</subfield>
    <subfield code="a">BOFEUTO</subfield>
    <subfield code="c">BOFEUTO</subfield>
  </datafield>
  <datafield tag="041" ind1=" " ind2=" ">
    <subfield code="a">spa</subfield>
  </datafield>
  <datafield tag="044" ind1=" " ind2=" ">
    <subfield code="a">bo</subfield>
  </datafield>
  <datafield tag="082" ind1=" " ind2=" ">
    <subfield code="a">TE6328</subfield>
    <subfield code="b">B425e</subfield>
  </datafield>
  <datafield tag="100" ind1=" " ind2=" ">
    <subfield code="a">Beltr&#xE1;n Rivera, Jhoely Niuzeth</subfield>
    <subfield code="e">autor</subfield>
  </datafield>
  <datafield tag="245" ind1=" " ind2=" ">
    <subfield code="a">Evaluaci&#xF3;n de la sostenibilidad financiera de la Empresa Minera Huanuni frente a la deuda que mantiene la Empresa Metal&#xFA;rgica Vinto, periodo 2007-2024 /</subfield>
    <subfield code="c">Jhoely Niuzeth Beltr&#xE1;n Rivera, Rub&#xE9;n Vladimir Villarroel Rivera</subfield>
  </datafield>
  <datafield tag="260" ind1=" " ind2=" ">
    <subfield code="a">Oruro :</subfield>
    <subfield code="b">s/n,</subfield>
    <subfield code="c">2025.</subfield>
  </datafield>
  <datafield tag="300" ind1=" " ind2=" ">
    <subfield code="a">205 hojas ;</subfield>
    <subfield code="b">ilus, gr&#xE1;f. ;</subfield>
    <subfield code="c">28.5 cm.</subfield>
  </datafield>
  <datafield tag="500" ind1=" " ind2=" ">
    <subfield code="a">Incluye bibliograf&#xED;a, anexos.</subfield>
  </datafield>
  <datafield tag="502" ind1=" " ind2=" ">
    <subfield code="a">Tesis Dirigida, (Licenciatura) -- Universidad T&#xE9;cnica de Oruro, Facultad de Ciencias Econ&#xF3;micas, Financieras y Administrativas, Carrera Ingenier&#xED;a Comercial, 2025.</subfield>
  </datafield>
  <datafield tag="520" ind1=" " ind2=" ">
    <subfield code="a">La presente investigaci&#xF3;n eval&#xFA;a la sostenibilidad financiera de la Empresa Minera Huanuni frente a la deuda que mantiene la Empresa Metal&#xFA;rgica Vinto, la misma distorsiona su estructura operativa en un sector minero vol&#xE1;til y estrat&#xE9;gico para el desarrollo nacional. Por tanto, la investigaci&#xF3;n tiene por objetivo evaluar las dimensiones financieras para discernir su influencia en la sostenibilidad global de la Empresa Minera Huanuni, mientras se propone estrategias de gesti&#xF3;n financiera para mitigar esta deuda y fortalecer la posici&#xF3;n econ&#xF3;mica de la empresa.
</subfield>
  </datafield>
  <datafield tag="650" ind1=" " ind2=" ">
    <subfield code="a">Sostenibilidad Financiera</subfield>
  </datafield>
  <datafield tag="653" ind1=" " ind2=" ">
    <subfield code="a">Invetigaci&#xF3;n</subfield>
  </datafield>
  <datafield tag="653" ind1=" " ind2=" ">
    <subfield code="a">Financiera</subfield>
  </datafield>
  <datafield tag="653" ind1=" " ind2=" ">
    <subfield code="a">Deuda</subfield>
  </datafield>
  <datafield tag="653" ind1=" " ind2=" ">
    <subfield code="a">Econ&#xF3;mica</subfield>
  </datafield>
  <datafield tag="700" ind1=" " ind2=" ">
    <subfield code="a">Villarroel Rivera, Rub&#xE9;n Vladimir</subfield>
    <subfield code="e">tutor</subfield>
  </datafield>
  <datafield tag="942" ind1=" " ind2=" ">
    <subfield code="2">ddc</subfield>
    <subfield code="c">TE</subfield>
    <subfield code="n">0</subfield>
  </datafield>
  <datafield tag="999" ind1=" " ind2=" ">
    <subfield code="c">16186</subfield>
    <subfield code="d">16186</subfield>
  </datafield>
  <datafield tag="952" ind1=" " ind2=" ">
    <subfield code="0">0</subfield>
    <subfield code="1">0</subfield>
    <subfield code="2">ddc</subfield>
    <subfield code="4">0</subfield>
    <subfield code="7">0</subfield>
    <subfield code="a">UTO</subfield>
    <subfield code="b">UTO</subfield>
    <subfield code="c">4</subfield>
    <subfield code="d">2026-06-11</subfield>
    <subfield code="i">6326</subfield>
    <subfield code="l">0</subfield>
    <subfield code="o">TE6328/B425e</subfield>
    <subfield code="p">TE6328</subfield>
    <subfield code="r">2026-06-26 15:43:09</subfield>
    <subfield code="t">Ej.1</subfield>
    <subfield code="w">2026-06-26</subfield>
    <subfield code="y">TE</subfield>
  </datafield>
</record>
